000 00436nam a2200169Ia 4500
001 23354
003 IN-NITTTR
005 20251114233302.0
008 251113s9999||||xx |||||||||||||| ||eng||
040 _beng
040 _cIN-NITTTR
041 _aeng
082 _a658.3 J974M
100 _aJuran, J. M.
245 0 _aManagerial breakthrough :
_b a classic book on improving management performance /
_cJuran, J. M.
942 _2ddc
_cBK
999 _c25983
_d25983